000 00667nam a22002297a 4500
005 20180924093140.0
008 180924b xxu||||| |||| 00| 0 fre d
040 _aLB-BrCRDP
082 _a510 D562c
100 _aZ. P. Dienes
245 _aConstruction des mathématiques
260 _aParis
_b Presses universitaires de France
_c1966
300 _a266p
_c18cm
500 _aTraduit de l'anglais par Gilbert Walusinski
630 _aMathématiques
630 _aÉtude et enseignement
630 _a Mathematics
630 _aStudy and teaching.
630 _aApprentissage
700 _aTraduit de l'anglais par Gilbert Walusinski
942 _2ddc
_cBK
999 _c21814
_d21814